| 000 | 00515nam 22001693 4500 | ||
|---|---|---|---|
| 001 | 198409 | ||
| 090 | _a198409 | ||
| 100 | _a20251014d u||y0pory50 ba | ||
| 200 |
_aCinema _fKenneth W.Leish _gtradução portuguesa de Fernando Quintela e António Lopes Ribeiro |
||
| 210 |
_aLisboa _cEditorial Verbo _d1978 |
||
| 215 |
_a190 p. _cencadernado _d26 cm |
||
| 606 |
_aCinema. Filmes _916666 |
||
| 675 |
_a791 _vPT _zpor |
||
| 700 |
_914354 _aLeish _bKenneth W. |
||
| 801 |
_aPT _bBMMN _gRPC |
||
| 830 |
_cFernando _fFernando |
||
| 990 | _cLIVROS | ||